| 000 | 00507nmm a2200169Ia 4500 | ||
|---|---|---|---|
| 008 | 251105s9999||||xx |||||||||||||||||und|| | ||
| 020 | _a0916379507 | ||
| 041 | _aeng | ||
| 100 | _aJohnson, Cleveland (ed.) | ||
| 245 | 0 | _aTractado de Viçios e Virtudes | |
| 264 |
_a[Washington, Estados Unidos] : _bScripta Humanistica, _c1993 |
||
| 300 | _a220 páginas | ||
| 490 | _aSpanish Medieval Literature | ||
| 650 | _aSpanish literature | ||
| 856 | _uhttps://public.digitaliapublishing.com/a/294 | ||
| 942 | _cCF | ||
| 999 |
_c72931 _d72931 |
||